The historian and history /

محفوظ في:

المؤلف الرئيسي: Smith, Page (مؤلف)

التنسيق: كتاب

اللغة: English

منشور في: New York : Vintage books, 1966.

الموضوعات:

الوسوم: إضافة وسم

لا توجد وسوم, كن أول من يضع وسما على هذه التسجيلة!

رقم الطلب: D13 .S57 1966

LEADER 00575namaa2200217 4500
001 21044
003 OSt
005 20251118110800.0
008 130303s1966 nyu b 000 0 eng d
010 |a 64012321 
040 |c ARCE Library 
050 4 |a D13 .S57 1966 
100 1 |a Smith, Page,  |e author 
245 1 4 |a The historian and history /  |c Page Smith. 
264 1 |a New York :  |b Vintage books,   |c 1966. 
300 |a viii, 261, x pages ;   |c 21 cm. 
504 |a Bibliography : pages [251]-261. 
650 0 |a Historiography. 
901 |a reviewed 
942 |c BK  |2 lcc 
999 |c 18296  |d 18296